000
00335nam a2200157Ia 4500
100
_a
Glover/Ian A/ Grant/P.M
650
_a
Communications
250
_a
2
942
_c
BK
245
_a
Digital communications
260
_b
Pearson Education
_c
2004
082
_a
621.382
_b
GLO
300
_a
1000
546
_a
ENGLISH
999
_c
23486
_d
23486